Biological sequence analysis: (Record no. 186350)
[ view plain ]
| 000 -LEADER | |
|---|---|
| fixed length control field | 00886nam a2200265Ia 4500 |
| 003 - CONTROL NUMBER IDENTIFIER | |
| control field | OSt |
| 005 - DATE AND TIME OF LATEST TRANSACTION | |
| control field | 20220827103024.0 |
| 008 - FIXED-LENGTH DATA ELEMENTS--GENERAL INFORMATION | |
| fixed length control field | 210716s2003 xx 000 0 und d |
| 020 ## - INTERNATIONAL STANDARD BOOK NUMBER | |
| International Standard Book Number | 0521540798 |
| 040 ## - CATALOGING SOURCE | |
| Transcribing agency | AIMIT LIBRARY |
| 041 ## - LANGUAGE CODE | |
| Language code of text/sound track or separate title | eng |
| 082 ## - DEWEY DECIMAL CLASSIFICATION NUMBER | |
| Classification number | 572.8633 |
| Edition number | 1 |
| Item number | DURR |
| 100 ## - MAIN ENTRY--PERSONAL NAME | |
| Personal name | Durbin, Richard. |
| 9 (RLIN) | 55721 |
| 245 ## - TITLE STATEMENT | |
| Title | Biological sequence analysis: |
| Remainder of title | probabilistics models of proteins and nucleic acids / |
| Statement of responsibility, etc. | By Richard Durbin...et.al |
| 250 ## - EDITION STATEMENT | |
| Edition statement | 1st ed. |
| 260 ## - PUBLICATION, DISTRIBUTION, ETC. | |
| Place of publication, distribution, etc. | New York : |
| Name of publisher, distributor, etc. | Cambridge University Press , |
| Date of publication, distribution, etc. | 2003. |
| 300 ## - PHYSICAL DESCRIPTION | |
| Extent | xi,356p. ; |
| Dimensions | 24 cm. |
| 650 ## - SUBJECT ADDED ENTRY--TOPICAL TERM | |
| Topical term or geographic name entry element | Pairwise alignment |
| 9 (RLIN) | 55722 |
| 650 ## - SUBJECT ADDED ENTRY--TOPICAL TERM | |
| Topical term or geographic name entry element | Markov chains and hidden markov models |
| 9 (RLIN) | 55723 |
| 650 ## - SUBJECT ADDED ENTRY--TOPICAL TERM | |
| Topical term or geographic name entry element | Probabilistic approaches to phylogency |
| 9 (RLIN) | 55724 |
| 700 ## - ADDED ENTRY--PERSONAL NAME | |
| Personal name | Eddy, Sean R. |
| 9 (RLIN) | 55725 |
| 700 ## - ADDED ENTRY--PERSONAL NAME | |
| Personal name | Krogh, Anders. |
| 9 (RLIN) | 55726 |
| 700 ## - ADDED ENTRY--PERSONAL NAME | |
| Personal name | Mitchison, Graeme. |
| 9 (RLIN) | 55727 |
| 942 ## - ADDED ENTRY ELEMENTS (KOHA) | |
| Source of classification or shelving scheme | Dewey Decimal Classification |
| Koha item type | Book |
| Edition | 1st |
| Call number prefix | 572.8633 DUPR |
| Withdrawn status | Lost status | Source of classification or shelving scheme | Damaged status | Not for loan | Collection code | Home library | Current library | Source of acquisition | Cost, normal purchase price | Inventory number | Total Checkouts | Full call number | Barcode | Date last seen | Cost, replacement price | Price effective from | Koha item type |
|---|---|---|---|---|---|---|---|---|---|---|---|---|---|---|---|---|---|
| Dewey Decimal Classification | MCA | St Aloysius Institute of Management & Information Technology | St Aloysius Institute of Management & Information Technology | Sita Book House | 375.00 | Bill no:25566; Bill dt:2004-04-1 | 572.8633 DURR | MCA05858 | 07/21/2025 | 300.00 | 07/16/2021 | Book |